| 000 | 00618nam a2200193 a 4500 | ||
|---|---|---|---|
| 005 | 20240925064613.0 | ||
| 008 | 991125s1966 bue 000 0 spa u | ||
| 035 | _aUPN01000056165 | ||
| 049 | _aCG | ||
| 050 | 4 |
_aBF698 A2 _bK4.88 |
|
| 100 | 1 | _aKelly, George A. | |
| 245 | 1 | 0 |
_aTeoría de la personalidad : _bla psicología de las construciones personales / _cGeorge A. Kelly ; tr. Christina Souverbielle. |
| 260 |
_aBuenos Aires : _bTroquel, _c1966. |
||
| 300 | _a245 p. | ||
| 440 | 0 | _aBiblioteca el tema del hombre | |
| 650 | 4 |
_aPersonalidad _97690 |
|
| 650 | 7 |
_aConciencia (Psicología) _2 _910995 |
|
| 905 | _aLibro | ||
| 999 |
_c56165 _d56165 |
||